000 00523nam a2200193 a 4500
001 1777027203070
003 YourLibrary
005 20260424161206.0
008 260424s2006##################000#0#eng##
020 _a9780521844062
082 0 4 _a345.430238PEN
100 1 _aPendas, Devin O.,
_eauthor.
245 1 0 _aThe Frankfurt Auschwitz Trial, 1963-1965 :
260 _bCambridge University Press,
_c2006.
300 _a372 pages
650 0 _aHistory.
942 _cENGLISH
040 _aYourLibrary
_beng
_cYourLibrary
999 _c619816
_d619816